| 000 | 01188nam a22002537a 4500 | ||
|---|---|---|---|
| 005 | 20090716111125.0 | ||
| 008 | 090714t xxu||||| |||| 00| 0 hin d | ||
| 010 | _aHIN-87293 | ||
| 020 |
_a8189361147 _c300.00 |
||
| 035 | _aHN-59639 | ||
| 037 | _bDBAD / PUB | ||
| 040 |
_adpl _bhn |
||
| 082 | _a327.03 | ||
| 100 | _aपुरी, सुधीर | ||
| 245 |
_aअन्तर्राष्ट्रीय संबंध कोश / _cसुधीर पुरी |
||
| 246 |
_aAntarrashtriya sambandha kosha _bby Sudhir Puri |
||
| 260 |
_aदिल्ली _bदृष्टि प्रकाशन _c2009 |
||
| 270 |
_a1362, दूसरी मंजिल, कश्मीरी गेट _bदिल्ली _k110006 |
||
| 300 |
_a192पृ.. _c22सेमी(सजिल्द) |
||
| 650 | _aअन्तर्राष्ट्रीय संबंध | ||
| 650 | _aInternational relations | ||
| 942 |
_2ddc _cHN _mपुरीसु _h327.03 |
||
| 999 |
_c28305 _d28305 |
||